Among us quiz - Statistics

General Stats
  • This quiz has been taken 2,178 times
    1,215 since last reset
  • The average score is 6 of 8
Answer Stats
Question Answer % Correct
Which of these colors are NOT in the game? Gold
100%
Which of these colors are NOT in the game? Teal
96%
Which of these colors are IN the game? Orange
85%
MORE QUESTIONS COMING SOON (hopefully) all of the above (this one i promise)
77%
In September 2020 what was Among us rank for most popular games #3
73%
when was among us made? June 15 2018
69%
Whats the most popular game out of theses 4 games Sep. 2020 Among us
56%
The (most popular) Roblox version of among us is called: Impostor
38%
No matching quizzes found
Score Distribution
Percent of People with Each Score
Percentile by Number Answered
Your Score History
You have not taken this quiz since the last reset